[Event "OLOB 1920 SV Griesheim - SV Oberursel"]
[Site "?"]
[Date "2020.01.19"]
[Round "7.6"]
[White "Flach, Erich"]
[Black "Schlamp, Robert"]
[Result "1/2-1/2"]
[WhiteElo "2069"]
[BlackElo "2302"]
[PlyCount "79"]
[EventDate "2020.??.??"]

1. c4 Nf6 2. Nc3 g6 3. e4 d6 4. g3 Bg7 5. Bg2 O-O 6. Nge2 e5 7. d4 Nfd7 8. Be3
a6 9. d5 f5 10. Qd2 Nf6 11. h3 Nbd7 12. O-O fxe4 13. g4 b5 14. cxb5 axb5 15.
Nxb5 Ba6 16. Nec3 Nb6 17. Bxb6 cxb6 18. a4 h5 19. g5 Nh7 20. Nxe4 Rf4 21. Rfe1
Bxb5 22. axb5 Rxa1 23. Rxa1 Nxg5 24. Qc2 Nxe4 25. Bxe4 Qg5+ 26. Bg2 Rd4 27. Rd1
Qf5 28. Qe2 e4 29. Rxd4 Bxd4 30. Bxe4 Qxh3 31. Qd3 Qxd3 32. Bxd3 Kg7 33. Kg2
Bxb2 34. f4 Kf6 35. Kf3 Bc1 36. Bf1 g5 37. fxg5+ Bxg5 38. Ke4 Bc1 39. Bh3 Bb2
40. Bd7 1/2-1/2

[Event "OLOB 1920 SV Griesheim - SV Oberursel"]
[Site "?"]
[Date "2020.01.19"]
[Round "7.7"]
[White "Weber, Samuel"]
[Black "Spitzl, Vinzent"]
[Result "1/2-1/2"]
[WhiteElo "2230"]
[BlackElo "2343"]
[PlyCount "88"]
[EventDate "2020.??.??"]

1. Nf3 Nf6 2. g3 g6 3. Bg2 Bg7 4. O-O O-O 5. d3 d5 6. Nbd2 Nc6 7. e4 e5 8. exd5
Nxd5 9. Re1 h6 10. Nc4 Re8 11. a4 Nb6 12. Nfd2 Bf5 13. a5 Nxc4 14. Nxc4 a6 15.
Bd2 Rb8 16. Bc3 Nd4 17. Qd2 Qd7 18. Bxd4 Qxd4 19. Qc3 Be6 20. Qxd4 exd4 21. Nd2
Bf8 22. Ra4 Red8 23. Re4 Bg7 24. Nc4 c6 25. Nb6 Bf5 26. Re2 Re8 27. Rxe8+ Rxe8
28. Kf1 Bg4 29. Ra1 Bf8 30. h3 Bf5 31. Ra4 Rd8 32. Nc4 f6 33. Nd2 Be6 34. Nf3
Bc5 35. Nd2 Kf7 36. Ne4 Be7 37. Nd2 h5 38. Nf3 Bc5 39. b4 Be7 40. Nd2 g5 41.
Ke2 Rb8 42. Ne4 Bd5 43. Bf3 Bxe4 44. dxe4 h4 1/2-1/2

[Event "OLOB 1920 SV Griesheim - SV Oberursel"]
[Site "?"]
[Date "2020.01.19"]
[Round "7.8"]
[White "Nothnagel, Holger"]
[Black "Haubt, Georg"]
[Result "1-0"]
[WhiteElo "2307"]
[BlackElo "2087"]
[PlyCount "51"]
[EventDate "2020.??.??"]

1. b3 e5 2. Bb2 d6 3. d4 exd4 4. Qxd4 Nc6 5. Qd2 Nf6 6. Nc3 Bf5 7. O-O-O Be7 8.
f3 O-O 9. g4 Bd7 10. Kb1 a5 11. e4 Nb4 12. a3 Na6 13. h4 Bc6 14. Nge2 Nc5 15.
Nf4 Qb8 16. g5 Ne8 17. g6 b5 18. gxh7+ Kxh7 19. Ncd5 Bd8 20. Bh3 Bxd5 21. Nxd5
c6 22. Rdg1 Rh8 23. Qf4 Ra7 24. Ne3 Ne6 25. Qg3 Bf6 26. Bxf6 1-0

[Event "OLOB 1920 Wiesbadener SV 1885 - SF SchÃ"]
[Site "?"]
[Date "2020.01.19"]
[Round "7.2"]
[White "Chojnacki, Krzysztof"]
[Black "Marchio, Enrico"]
[Result "1-0"]
[WhiteElo "2380"]
[BlackElo "2300"]
[PlyCount "33"]
[EventDate "2020.??.??"]

1. d4 d5 2. c4 c6 3. cxd5 cxd5 4. Nc3 Nf6 5. Bf4 Nc6 6. e3 e6 7. Bd3 a6 8. Rc1
Bd7 9. h3 b5 10. Nf3 Be7 11. O-O O-O 12. Ne5 Qb6 13. Bg5 Ra7 14. Qf3 Ne8 15.
Nxd5 exd5 16. Nxd7 Nxd4 17. Bxh7+ 1-0

[Event "OLOB 1920 Wiesbadener SV 1885 - SF SchÃ"]
[Site "?"]
[Date "2020.01.19"]
[Round "7.3"]
[White "Heinatz, Thomas"]
[Black "Geske, Julian"]
[Result "1/2-1/2"]
[WhiteElo "2298"]
[BlackElo "2376"]
[PlyCount "109"]
[EventDate "2020.??.??"]

1. e4 e5 2. Bc4 Nf6 3. d3 Nc6 4. Nf3 Be7 5. O-O O-O 6. Re1 d6 7. a4 Na5 8. Ba2
c5 9. Nc3 Nc6 10. h3 Be6 11. Nd5 Bxd5 12. exd5 Nb4 13. Bb3 Nbxd5 14. Nh4 Nb4
15. Nf5 Nc6 16. Qf3 Qd7 17. c3 Kh8 18. a5 Bd8 19. a6 b5 20. Bg5 Ng8 21. Bd5 Rc8
22. Be3 Nge7 23. Nxe7 Bxe7 24. d4 cxd4 25. cxd4 Nxd4 26. Bxd4 exd4 27. Rac1
Rxc1 28. Rxc1 Bg5 29. Rd1 Rc8 30. Rxd4 Bf6 31. Rd2 Be5 32. g4 g6 33. Kg2 f5 34.
Bb7 fxg4 35. hxg4 Rd8 36. Bc6 Qe7 37. Qe4 Qg5 38. Rc2 Rc8 39. Bd7 Rxc2 40. Qxc2
Bd4 41. Qe4 Qe5 42. Qa8+ Kg7 43. Bxb5 Qf4 44. Qf3 Qxf3+ 45. Kxf3 Bxb2 46. g5
Bc1 47. Kg4 d5 48. f4 d4 49. Bc4 Kf8 50. Kf3 Kg7 51. Kg4 h6 52. gxh6+ Kxh6 53.
Bd3 Ba3 54. f5 gxf5+ 55. Kxf5 1/2-1/2

[Event "OLOB 1920 Wiesbadener SV 1885 - SF SchÃ"]
[Site "?"]
[Date "2020.01.19"]
[Round "7.4"]
[White "Dubkov, Andrej"]
[Black "Nazarenus, Moritz"]
[Result "1/2-1/2"]
[WhiteElo "2346"]
[BlackElo "2227"]
[PlyCount "63"]
[EventDate "2020.??.??"]

1. e4 c6 2. d4 d5 3. exd5 cxd5 4. Bd3 Nc6 5. c3 Qc7 6. h3 e5 7. dxe5 Nxe5 8.
Nf3 Nf6 9. Nxe5 Qxe5+ 10. Qe2 Qxe2+ 11. Kxe2 Bd7 12. Be3 Be7 13. Nd2 O-O 14.
Rhd1 Ba4 15. Nb3 Rfe8 16. Kf1 Red8 17. Re1 Bf8 18. Bg5 Rd6 19. Nd4 h6 20. Bf4
Rdd8 21. Nf5 Ne4 22. Be3 Nc5 23. Be2 Bc2 24. Nd4 Bg6 25. Rad1 Na4 26. Rd2 a6
27. Nb3 Be4 28. Red1 Be7 29. Na5 Bf6 30. Bf4 Nxb2 31. Rxb2 Bxc3 32. Nxb7
1/2-1/2

[Event "OLOB 1920 Wiesbadener SV 1885 - SF SchÃ"]
[Site "?"]
[Date "2020.01.19"]
[Round "7.6"]
[White "Kayser, Felix"]
[Black "Kirchner, Markus"]
[Result "1/2-1/2"]
[WhiteElo "2102"]
[BlackElo "2021"]
[PlyCount "35"]
[EventDate "2020.??.??"]

1. e4 e6 2. d4 d5 3. exd5 exd5 4. Nf3 Nf6 5. Bd3 c5 6. Qe2+ Be7 7. dxc5 O-O 8.
O-O Bxc5 9. Bg5 Nc6 10. Nc3 Be6 11. a3 Be7 12. Qd2 Qd7 13. Rfe1 Rfe8 14. Bb5 a6
15. Ne5 Qc7 16. Nxc6 bxc6 17. Bd3 c5 18. Bf1 1/2-1/2

[Event "OLOB 1920 Wiesbadener SV 1885 - SF SchÃ"]
[Site "?"]
[Date "2020.01.19"]
[Round "7.7"]
[White "Mueller, Achim"]
[Black "Ochs, Daniel Elias"]
[Result "0-1"]
[WhiteElo "2105"]
[BlackElo "2068"]
[PlyCount "64"]
[EventDate "2020.??.??"]

1. e4 e6 2. d3 d5 3. Nd2 c5 4. Ngf3 Nc6 5. g3 Nge7 6. Bg2 g6 7. O-O Bg7 8. Re1
O-O 9. a4 b6 10. Nh4 g5 11. Nhf3 h6 12. h4 g4 13. Nh2 h5 14. Ndf1 dxe4 15. Bxe4
f5 16. Bg2 Rb8 17. Ne3 f4 18. gxf4 Nd4 19. Nexg4 hxg4 20. Nxg4 Ng6 21. c3 Nxh4
22. cxd4 Nxg2 23. Kxg2 Bb7+ 24. Kg3 Qd5 25. f3 cxd4 26. Ne5 Rf5 27. Ra3 Bxe5
28. Rxe5 Rxe5 29. fxe5 Qxe5+ 30. f4 Qd5 31. Rb3 Qg2+ 32. Kh4 Bf3 0-1

[Event "OLOB 1920 Wiesbadener SV 1885 - SF SchÃ"]
[Site "?"]
[Date "2020.01.19"]
[Round "7.8"]
[White "Bakiev, Diyor"]
[Black "Zahn, Nicol"]
[Result "1-0"]
[WhiteElo "2125"]
[BlackElo "1852"]
[PlyCount "105"]
[EventDate "2020.??.??"]

1. e4 c5 2. c3 e6 3. d4 cxd4 4. cxd4 Nf6 5. Bd3 d6 6. Nf3 Nc6 7. O-O Be7 8. Qe2
Nb4 9. Bb5+ Bd7 10. a3 Nc6 11. Nc3 O-O 12. Rd1 a6 13. Bd3 Qa5 14. d5 Ne5 15.
Nxe5 dxe5 16. b4 Qc7 17. Bb2 Rad8 18. Rac1 Qb8 19. Bc4 exd5 20. Nxd5 Nxd5 21.
Rxd5 Bd6 22. Rcd1 Be6 23. R5d2 Bxc4 24. Qxc4 Bc7 25. Rd5 Rxd5 26. exd5 Bd6 27.
Rc1 h6 28. Qc3 Qd8 29. Qg3 f6 30. Qg4 f5 31. Qg6 Rf6 32. Qg3 Qe8 33. Qh3 Rf8
34. Re1 Qf7 35. Qb3 e4 36. Qc3 Re8 37. Qc4 Qh5 38. g3 Qf7 39. Bd4 Rd8 40. Rd1
f4 41. Bc5 Qh5 42. Re1 fxg3 43. hxg3 Kh8 44. Bb6 Re8 45. Rxe4 Rf8 46. Qd3 Rc8
47. Kg2 Rc1 48. Rh4 Qf7 49. Be3 Ra1 50. Bxh6 Kg8 51. Bf4 Bxf4 52. Qh7+ Kf8 53.
Rxf4 1-0

[Event "OLOB 1920 Bad Emstal/Wolfhagen - FB Mö"]
[Site "?"]
[Date "2020.01.19"]
[Round "7.1"]
[White "Kunin, Vitaly"]
[Black "Sivuk, Vitaly"]
[Result "1-0"]
[WhiteElo "2533"]
[BlackElo "2579"]
[PlyCount "89"]
[EventDate "2020.??.??"]

1. e4 c5 2. g3 g6 3. Bg2 Bg7 4. d3 Nc6 5. f4 e6 6. Nf3 Nge7 7. O-O O-O 8. c3 b6
9. Be3 Ba6 10. Bf2 Rc8 11. Re1 d6 12. a4 Qd7 13. Na3 h6 14. Nc2 f5 15. d4 Na5
16. exf5 exf5 17. dxc5 bxc5 18. Ne3 Kh7 19. h4 Bb7 20. h5 gxh5 21. Nh4 Rb8 22.
Bh3 Qc6 23. Neg2 Bf6 24. Kh2 Qd5 25. Qxh5 Qf7 26. Rxe7 Bxe7 27. Bxf5+ Kg8 28.
Qxh6 Bc8 29. Bg6 Qg7 30. Qh5 Rxb2 31. Qd5+ Kh8 32. Rh1 Bxh4 33. Nxh4 Bb7 34.
Qh5+ Kg8 35. Rf1 Nc4 36. Kg1 Bc6 37. Nf5 Qh8 38. Ne7+ Kg7 39. Nxc6 Qxh5 40.
Bxh5 Kf6 41. Re1 Rc8 42. Ne7 Rcb8 43. Nd5+ Kg7 44. Re7+ Kh8 45. Be2 1-0

[Event "OLOB 1920 Bad Emstal/Wolfhagen - FB Mö"]
[Site "?"]
[Date "2020.01.19"]
[Round "7.2"]
[White "Matviishen, Viktor"]
[Black "Galdunts, Sergey"]
[Result "1/2-1/2"]
[WhiteElo "2497"]
[BlackElo "2416"]
[PlyCount "72"]
[EventDate "2020.??.??"]

1. c4 e5 2. g3 Nc6 3. Bg2 g6 4. e3 Bg7 5. Ne2 Nf6 6. Nbc3 O-O 7. O-O d6 8. d4
a5 9. h3 Bd7 10. g4 h5 11. g5 Nh7 12. h4 exd4 13. exd4 Bg4 14. f3 Bf5 15. Be3
Re8 16. Bf2 Qd7 17. Kh2 Nb4 18. Ne4 d5 19. cxd5 Nxd5 20. Qd2 f6 21. Nc5 Qd6+
22. Kg1 fxg5 23. hxg5 Nxg5 24. Ng3 Qf4 25. Qxf4 Nxf4 26. Rfd1 b6 27. Nxf5 gxf5
28. Nd3 Ne2+ 29. Kf1 Nxd4 30. Nf4 Ndxf3 31. Rd3 Rad8 32. Rxf3 Nxf3 33. Bxf3
Bxb2 34. Rb1 Be5 35. Nd5 Kf8 36. Rc1 Rd7 1/2-1/2

[Event "OLOB 1920 Bad Emstal/Wolfhagen - FB Mö"]
[Site "?"]
[Date "2020.01.19"]
[Round "7.3"]
[White "Legde, Georg"]
[Black "Frolov, Artur"]
[Result "1-0"]
[WhiteElo "2311"]
[BlackElo "2422"]
[PlyCount "75"]
[EventDate "2020.??.??"]

1. d4 Nf6 2. Nf3 g6 3. c4 Bg7 4. g3 O-O 5. Bg2 d6 6. O-O Nbd7 7. Nc3 e5 8. e4
Re8 9. h3 exd4 10. Nxd4 Nc5 11. Re1 Bd7 12. Bf4 h6 13. Qc2 Qc8 14. Kh2 Ng4+ 15.
hxg4 Bxd4 16. Rad1 Bg7 17. g5 hxg5 18. Bxg5 Re5 19. Nd5 Kf8 20. f4 Rxg5 21.
fxg5 Be5 22. Rf1 Kg7 23. Qf2 Be6 24. b3 Qd8 25. Qe3 c6 26. Nf6 Nd7 27. Nxd7
Bxd7 28. c5 dxc5 29. Bh3 Bxh3 30. Rxd8 Rxd8 31. Kxh3 b6 32. Qf3 Rd7 33. Rd1 Bd4
34. e5 Rd5 35. Rf1 Rd7 36. e6 fxe6 37. Qf8+ Kh7 38. Kg4 1-0

[Event "OLOB 1920 Bad Emstal/Wolfhagen - FB Mö"]
[Site "?"]
[Date "2020.01.19"]
[Round "7.4"]
[White "Shkuran, Danylo"]
[Black "Dittmar, Peter"]
[Result "1/2-1/2"]
[WhiteElo "2331"]
[BlackElo "2226"]
[PlyCount "66"]
[EventDate "2020.??.??"]

1. e4 c6 2. d4 d5 3. Nc3 dxe4 4. Nxe4 Nf6 5. Nxf6+ exf6 6. Bc4 Qe7+ 7. Qe2 Be6
8. Bb3 a5 9. Bf4 a4 10. Bxe6 Qxe6 11. O-O-O Be7 12. Re1 Qxe2 13. Rxe2 Kd7 14.
Nf3 Re8 15. Rd1 Bd6 16. Rxe8 Bxf4+ 17. Re3 a3 18. b3 Na6 19. c3 Nc7 20. Kc2
Bxe3 21. fxe3 Re8 22. Re1 Nb5 23. e4 Nd6 24. Kd3 b5 25. g4 Kc7 26. h4 h5 27. g5
f5 28. e5 Ne4 29. Nd2 Nxd2 30. Kxd2 g6 31. Kd3 Kd7 32. Rf1 c5 33. b4 c4+
1/2-1/2

[Event "OLOB 1920 Bad Emstal/Wolfhagen - FB Mö"]
[Site "?"]
[Date "2020.01.19"]
[Round "7.5"]
[White "Felgendreher, Heiko"]
[Black "Skliarov, Viktor"]
[Result "1/2-1/2"]
[WhiteElo "2170"]
[BlackElo "2377"]
[PlyCount "81"]
[EventDate "2020.??.??"]

1. e4 c5 2. Nf3 Nc6 3. d4 cxd4 4. Nxd4 Nf6 5. Nc3 e5 6. Ndb5 d6 7. Bg5 a6 8.
Na3 b5 9. Nd5 Be7 10. Bxf6 Bxf6 11. c3 O-O 12. Nc2 Rb8 13. h4 g6 14. g3 Bg7 15.
a4 bxa4 16. Ncb4 Nxb4 17. cxb4 Bb7 18. Rxa4 Bc6 19. Rxa6 Bxd5 20. Qxd5 Rxb4 21.
Bc4 Rxb2 22. O-O Qf6 23. Kg2 Bh6 24. Rxd6 Qe7 25. Rd7 Qf6 26. Rd6 Qe7 27. Rd7
Qf6 28. Qc5 Bd2 29. Qa3 Rc2 30. Rd6 Bb4 31. Rxf6 Bxa3 32. Bd5 Kg7 33. Rf3 Bb2
34. Rb1 f5 35. h5 f4 36. Bb3 Rd2 37. Kf1 Bd4 38. Ke1 Rb2 39. Rxb2 Bxb2 40. hxg6
hxg6 41. gxf4 1/2-1/2

[Event "OLOB 1920 Bad Emstal/Wolfhagen - FB Mö"]
[Site "?"]
[Date "2020.01.19"]
[Round "7.6"]
[White "Larkin, Vladyslav"]
[Black "Boehmer, Christian"]
[Result "1/2-1/2"]
[WhiteElo "2394"]
[BlackElo "2157"]
[PlyCount "77"]
[EventDate "2020.??.??"]

1. c4 Nf6 2. Nc3 d6 3. g3 e5 4. Bg2 Be7 5. d3 Nbd7 6. Rb1 a5 7. a3 O-O 8. b4
axb4 9. axb4 c6 10. b5 Qc7 11. e3 Re8 12. Nge2 Nf8 13. O-O Bd7 14. Qb3 Rab8 15.
Bd2 Ne6 16. Rb2 Nc5 17. Qc2 Qc8 18. bxc6 bxc6 19. Rxb8 Qxb8 20. Rb1 Qc8 21. Nc1
Bh3 22. Nb3 Bxg2 23. Kxg2 Ne6 24. h4 d5 25. Na4 e4 26. d4 Nc7 27. cxd5 Ncxd5
28. Nbc5 Qf5 29. Qd1 Ng4 30. Qe2 h5 31. Re1 Ra8 32. Bc1 Bxc5 33. Nxc5 Nc3 34.
Qd2 Qf3+ 35. Kg1 Ra2 36. Bb2 Nd1 37. Rxd1 Rxb2 38. Qxb2 Qxd1+ 39. Kg2 1/2-1/2

[Event "OLOB 1920 Bad Emstal/Wolfhagen - FB Mö"]
[Site "?"]
[Date "2020.01.19"]
[Round "7.7"]
[White "Schaefer, Michael"]
[Black "Kersten, Uwe"]
[Result "1/2-1/2"]
[WhiteElo "2157"]
[BlackElo "2261"]
[PlyCount "38"]
[EventDate "2020.??.??"]

1. d4 Nf6 2. Nf3 c5 3. e3 g6 4. Be2 Bg7 5. O-O b6 6. d5 e6 7. c4 exd5 8. cxd5
O-O 9. Nc3 Re8 10. Nd2 d6 11. e4 Na6 12. Bb5 Re7 13. f3 Nc7 14. a4 Rb8 15. Nc4
a6 16. Bc6 b5 17. axb5 axb5 18. Na5 Ba6 19. Re1 c4 1/2-1/2

[Event "OLOB 1920 Bad Emstal/Wolfhagen - FB Mö"]
[Site "?"]
[Date "2020.01.19"]
[Round "7.8"]
[White "Schmidt, Alexander"]
[Black "Klings, Peter"]
[Result "0-1"]
[WhiteElo "2168"]
[BlackElo "2091"]
[PlyCount "128"]
[EventDate "2020.??.??"]

1. e4 g6 2. d4 Bg7 3. Nc3 d6 4. Be3 a6 5. f4 b5 6. Bd3 Nd7 7. Nf3 c5 8. Qd2 b4
9. Ne2 Qc7 10. c3 bxc3 11. Nxc3 Bb7 12. O-O Ngf6 13. h3 cxd4 14. Bxd4 e5 15.
Be3 O-O 16. Rac1 Qa5 17. b4 Qd8 18. Rfd1 Re8 19. fxe5 Nxe5 20. Nxe5 Rxe5 21.
Bd4 Re7 22. Re1 Qe8 23. Qf4 Nh5 24. Qf2 Bh6 25. Rcd1 Bf4 26. g4 Bg3 27. Qf3
Bxe1 28. Rxe1 Ng7 29. Qf6 Qf8 30. Bc4 Rc8 31. Nd5 Re6 32. Qf1 Bxd5 33. Bxd5 Qd8
34. Qxa6 h5 35. Rf1 hxg4 36. hxg4 Qd7 37. Qd3 Rce8 38. Qf3 R8e7 39. Kg2 Re5 40.
Kg3 Ne6 41. Bxe5 dxe5 42. Qf6 Qa7 43. Qxe5 Qe3+ 44. Kg2 Qe2+ 45. Rf2 Qxg4+ 46.
Qg3 Qh5 47. Rc2 Ng5 48. Qf4 Kg7 49. Rf2 Ra7 50. b5 Ra4 51. b6 Rb4 52. Qf6+ Kh7
53. Rb2 Rxb2+ 54. Qxb2 Qh3+ 55. Kg1 Nf3+ 56. Kf2 Qh2+ 57. Kxf3 Qxb2 58. b7 f6
59. a4 Kh6 60. a5 Kg5 61. Ke3 Qb4 62. Kd3 Kf4 63. a6 Qb6 64. Kc3 g5 0-1

[Event "OLOB 1920 SK Marburg 1931/1972 - SK 198"]
[Site "?"]
[Date "2020.01.19"]
[Round "7.1"]
[White "Mazurek, Robert"]
[Black "Dorst, Johannes"]
[Result "0-1"]
[WhiteElo "2181"]
[BlackElo "2222"]
[PlyCount "128"]
[EventDate "2020.??.??"]

1. d4 Nf6 2. c4 g6 3. Nc3 Bg7 4. e4 d6 5. Be2 O-O 6. f4 Na6 7. Nf3 e5 8. dxe5
dxe5 9. Nxe5 Nc5 10. Qc2 Nfxe4 11. Be3 Bf5 12. Qd1 Nxc3 13. Qxd8 Rfxd8 14. Bxc5
Nxe2 15. Kxe2 Bxe5 16. fxe5 Re8 17. Bd4 f6 18. Ke3 fxe5 19. Bc3 Rad8 20. Rad1
e4 21. Rd4 Rxd4 22. Bxd4 a6 23. c5 Be6 24. a3 Bc4 25. Rd1 Bd3 26. Rd2 Kf7 27.
Rf2+ Ke7 28. Rf6 Rd8 29. Rf4 Rd5 30. h4 Rd7 31. h5 gxh5 32. Rf5 Ke6 33. Rxh5
Rf7 34. Re5+ Kd7 35. Rh5 Kc6 36. Kd2 Bf1 37. g4 Bc4 38. Be3 Rd7+ 39. Kc3 Bf7
40. Rh6+ Bg6 41. Bd4 Kd5 42. Rh2 Rf7 43. Rf2 Rf3+ 44. Rxf3 exf3 45. Bg1 Ke4 46.
Kd2 Kf4 47. g5 Kxg5 48. Ke3 Kg4 49. Kf2 c6 50. Bh2 Bd3 51. Bd6 Be2 52. Ke3 h5
53. Kf2 h4 54. Bb8 Kf5 55. Bc7 Ke4 56. Bd8 h3 57. Bc7 Kd3 58. Bf4 Kc4 59. Bd6
Kb3 60. Be5 a5 61. Kg1 a4 62. Bd4 Kc2 63. Be5 h2+ 64. Bxh2 Kxb2 0-1

[Event "OLOB 1920 SK Marburg 1931/1972 - SK 198"]
[Site "?"]
[Date "2020.01.19"]
[Round "7.2"]
[White "Rolle, Eric"]
[Black "Dietz, Holger"]
[Result "1/2-1/2"]
[WhiteElo "2203"]
[BlackElo "2294"]
[PlyCount "56"]
[EventDate "2020.??.??"]

1. d4 d5 2. Nf3 Nf6 3. c4 c6 4. e3 a6 5. Be2 Bf5 6. O-O e6 7. Qb3 Ra7 8. Bd2
Nbd7 9. cxd5 exd5 10. a4 a5 11. Ne5 Qb6 12. Qxb6 Nxb6 13. Nc3 Bb4 14. f3 Bc2
15. Bd1 Bxd1 16. Rfxd1 O-O 17. b3 Re8 18. Rac1 Raa8 19. Nd3 Bd6 20. Ne2 Nbd7
21. Rc2 g6 22. Kf2 Nh5 23. g4 Ng7 24. Ng3 f5 25. g5 Ne6 26. f4 Kf7 27. h4 h5
28. Rdc1 Ra6 1/2-1/2

[Event "OLOB 1920 SK Marburg 1931/1972 - SK 198"]
[Site "?"]
[Date "2020.01.19"]
[Round "7.3"]
[White "Hebbering, Tom Elliot"]
[Black "Alber, Horst"]
[Result "0-1"]
[WhiteElo "2232"]
[BlackElo "2269"]
[PlyCount "112"]
[EventDate "2020.??.??"]

1. d4 Nf6 2. c4 g6 3. g3 Bg7 4. Bg2 O-O 5. Nc3 d6 6. Nf3 Nbd7 7. O-O e5 8. e4
c6 9. h3 exd4 10. Nxd4 Re8 11. Re1 a5 12. Be3 Nc5 13. Qc2 Qe7 14. Nb3 Nfd7 15.
Rad1 Nxb3 16. axb3 Nc5 17. Na4 Nxa4 18. bxa4 Be6 19. Bd4 Bxd4 20. Rxd4 Qg5 21.
b3 Qc5 22. Qd2 Rad8 23. Rd1 f5 24. Rxd6 Rxd6 25. Qxd6 Qxd6 26. Rxd6 fxe4 27.
Rd4 Bf5 28. g4 e3 29. fxe3 Bc2 30. Rd7 Rxe3 31. Rxb7 Rxb3 32. Bxc6 Rxb7 33.
Bxb7 Bxa4 34. c5 Bb3 35. Ba6 Bd5 36. Bb5 Kf7 37. Kf2 Ke7 38. Ke3 g5 39. Kd4 Bg2
40. Bd3 h6 41. Kc4 Bc6 42. Kd4 Kf6 43. Be4 Bxe4 44. Kxe4 Ke6 45. Kd4 Kd7 46.
Kd5 Kc7 47. Kd4 Kc6 48. Kc4 a4 49. Kb4 a3 50. Kxa3 Kxc5 51. Kb3 Kd4 52. Kc2 Ke3
53. Kc3 Kf3 54. Kd3 Kg3 55. Ke3 Kxh3 56. Kf3 Kh4 0-1

[Event "OLOB 1920 SK Marburg 1931/1972 - SK 198"]
[Site "?"]
[Date "2020.01.19"]
[Round "7.4"]
[White "Henrich, Thomas"]
[Black "Mueller, Maximilian"]
[Result "0-1"]
[WhiteElo "2161"]
[BlackElo "2301"]
[PlyCount "70"]
[EventDate "2020.??.??"]

1. d4 d5 2. Nf3 Nf6 3. Bg5 Ne4 4. Bh4 Qd6 5. Qc1 Nc6 6. Nbd2 Bf5 7. c3 O-O-O 8.
Nxe4 Bxe4 9. Bg3 Qf6 10. Ne5 h5 11. f3 h4 12. Bf4 Bf5 13. Bg5 Qe6 14. Nxc6 Qxc6
15. Qf4 g6 16. Qd2 f6 17. Bf4 g5 18. Be3 g4 19. Bf4 Bg7 20. e3 e5 21. dxe5 fxe5
22. Bg5 Rd7 23. Bd3 Bxd3 24. Qxd3 e4 25. Qe2 d4 26. cxd4 exf3 27. gxf3 gxf3 28.
Qf2 Re8 29. Qxh4 Qc4 30. Qf2 Bxd4 31. Qxf3 Qc5 32. Kf2 Rf8 33. Bf4 Bxe3+ 34.
Qxe3 Rxf4+ 35. Ke2 Re7 0-1

[Event "OLOB 1920 SK Marburg 1931/1972 - SK 198"]
[Site "?"]
[Date "2020.01.19"]
[Round "7.5"]
[White "Di Capua, Francesco Stefano"]
[Black "Duncker, Joachim"]
[Result "0-1"]
[WhiteElo "1961"]
[BlackElo "2208"]
[PlyCount "94"]
[EventDate "2020.??.??"]

1. e4 d5 2. exd5 Qxd5 3. Nc3 Qd8 4. d4 Nf6 5. h3 g6 6. Bc4 Bg7 7. Be3 O-O 8.
Qd2 a6 9. a3 b5 10. Bb3 Bb7 11. Nge2 Nc6 12. O-O-O Na5 13. Ba2 Bxg2 14. Rhg1
Bxh3 15. Bh6 Bf5 16. Ng3 e6 17. Rh1 Re8 18. Bxg7 Kxg7 19. Qh6+ Kg8 20. Rdg1 Nc4
21. Bxc4 bxc4 22. Rh5 Qxd4 23. Rxf5 exf5 24. Nxf5 Ng4 25. Qg5 Qxf2 26. Qxg4
Re1+ 27. Rxe1 Qxe1+ 28. Nd1 Rd8 29. Nfe3 Qd2+ 30. Kb1 Qd4 31. Qf3 Re8 32. Nd5
Re1 33. N5c3 Kg7 34. Ka2 Qd2 35. Qg4 h5 36. Qxc4 Rxd1 37. Nxd1 Qxd1 38. Qc3+
Kh7 39. Qxc7 Qd5+ 40. c4 Qe6 41. Qf4 f6 42. b4 g5 43. Qc7+ Kg6 44. Kb2 h4 45.
c5 h3 46. Qg3 Qe2+ 47. Kb3 h2 0-1

[Event "OLOB 1920 SK Marburg 1931/1972 - SK 198"]
[Site "?"]
[Date "2020.01.19"]
[Round "7.7"]
[White "Peterson, Emery"]
[Black "Nekhamkis, Genadi"]
[Result "1-0"]
[WhiteElo "2158"]
[BlackElo "2107"]
[PlyCount "79"]
[EventDate "2020.??.??"]

1. d4 f5 2. e3 Nf6 3. c4 d6 4. Nf3 g6 5. Nc3 Bg7 6. Be2 O-O 7. O-O a6 8. Qc2
Nc6 9. a3 Qe8 10. b4 e5 11. Bb2 e4 12. Nd2 g5 13. Rfe1 Ne7 14. f3 exf3 15. Bxf3
g4 16. Be2 Bh6 17. Bd3 Qh5 18. Nf1 Qh4 19. Ne2 Nh5 20. g3 Qg5 21. Nf4 Bd7 22.
Qb3 c6 23. a4 Rfe8 24. b5 Rab8 25. Qb4 Nxf4 26. exf4 Qg6 27. Re2 Bf8 28. Ne3 h5
29. Rae1 Kh7 30. Qb3 Ng8 31. Nxf5 Rxe2 32. Nh4 Rxe1+ 33. Kf2 Re6 34. Nxg6 Rxg6
35. bxa6 Bc8 36. Qb6 Nf6 37. a7 Ra8 38. Qd8 Kg7 39. Bxg6 Nd7 40. Bxh5 1-0

[Event "OLOB 1920 SF Schöneck - SV Medizin Erf"]
[Site "?"]
[Date "2020.02.29"]
[Round "8.1"]
[White "Jakob, Matthias"]
[Black "Konopka, Michal"]
[Result "0-1"]
[WhiteElo "2118"]
[BlackElo "2353"]
[PlyCount "62"]
[EventDate "2020.??.??"]

{[%evp 0,44,28,32,14,18,20,9,7,2,25,22,46,40,44,28,10,13,25,3,16,-22,-11,-36,
-22,-56,-58,-52,-67,-67,-65,-67,-58,-55,-48,-37,-49,-54,-34,-28,22,-14,-14,-17,
-37,-42,-24]} 1. d4 Nf6 2. Nc3 d5 3. Bf4 e6 4. e3 a6 5. Bd3 c5 6. Nf3 Nc6 7.
O-O c4 8. Be2 b5 9. Ne5 Bb7 10. Bg3 Nxe5 11. dxe5 Nd7 12. f4 Bc5 13. Bf2 O-O
14. Bf3 Qb6 15. Qd2 f6 16. exf6 Nxf6 17. Ne2 b4 18. Nd4 Rfe8 19. c3 e5 20. fxe5
Rxe5 21. Bg3 Ne4 22. Bxe4 Rxe4 23. Rf3 Rae8 24. Raf1 a5 25. Qf2 h6 26. Rf7 Rxe3
27. Rxg7+ Kxg7 28. Qf7+ Kh8 29. Rf6 Re1+ 30. Bxe1 Bxd4+ 31. cxd4 Qxd4+ 0-1

[Event "OLOB 1920 SF Schöneck - SV Medizin Erf"]
[Site "?"]
[Date "2020.02.29"]
[Round "8.2"]
[White "Marchio, Enrico"]
[Black "Nguyen, Huy Dat"]
[Result "1-0"]
[WhiteElo "2292"]
[BlackElo "2176"]
[PlyCount "83"]
[EventDate "2020.??.??"]

{[%evp 0,53,28,20,20,-17,34,3,4,-11,2,4,32,47,50,15,20,39,39,32,54,42,30,31,53,
43,43,43,73,51,51,46,60,50,26,22,47,48,85,60,60,60,119,86,76,76,60,51,47,56,57,
57,110,63,157,155]} 1. Nf3 Nf6 2. c4 d6 3. g3 e5 4. Bg2 Be7 5. d4 Nbd7 6. Nc3
c6 7. Qc2 O-O 8. O-O Qc7 9. Rd1 Re8 10. e4 a6 11. Be3 b6 12. h3 Bb7 13. Rac1 g6
14. Nd2 Rad8 15. a3 Bf8 16. b4 exd4 17. Bxd4 Bh6 18. f4 c5 19. Nd5 Nxd5 20.
cxd5 Rc8 21. Ba1 Bg7 22. Bxg7 Kxg7 23. Qb2+ Kg8 24. a4 Rb8 25. b5 Qd8 26. Nc4
Nf6 27. e5 dxe5 28. fxe5 Nh5 29. Rd3 Qg5 30. h4 Qg4 31. Qf2 f6 32. e6 Rbd8 33.
Qf3 Qxf3 34. Bxf3 Nxg3 35. Re1 axb5 36. axb5 Nf5 37. Nxb6 Nd4 38. Bg2 Rd6 39.
Nd7 Rxd7 40. exd7 Rxe1+ 41. Kh2 Nf5 42. d8=Q+ 1-0

[Event "OLOB 1920 SF Schöneck - SV Medizin Erf"]
[Site "?"]
[Date "2020.02.29"]
[Round "8.3"]
[White "Wehner, Janis"]
[Black "Heinatz, Thomas"]
[Result "1/2-1/2"]
[WhiteElo "2128"]
[BlackElo "2312"]
[PlyCount "88"]
[EventDate "2020.??.??"]

{[%evp 0,50,28,42,50,50,91,74,74,49,49,38,86,66,77,55,58,37,26,22,20,20,21,20,
29,32,30,30,60,30,102,76,96,106,127,138,35,-21,-21,-14,-17,-13,-17,-22,-22,-40,
-33,-41,-35,-21,-22,-24,-23]} 1. e4 c5 2. Nf3 d6 3. d4 cxd4 4. Nxd4 Nf6 5. Nc3
g6 6. Be3 Bg7 7. f3 Nc6 8. Qd2 O-O 9. O-O-O Nxd4 10. Bxd4 Be6 11. Kb1 Qc7 12.
g4 Rfc8 13. h4 Qa5 14. Qg5 b5 15. Qxb5 Qc7 16. Qa4 Rab8 17. Ba6 Bd7 18. Qa3
Nxe4 19. Bxg7 Nxc3+ 20. Bxc3 Qxc3 21. Qxc3 Rxc3 22. Rhf1 Bc6 23. Rd3 Rc5 24.
Re1 Kf8 25. Ree3 Rb6 26. Ra3 h6 27. c3 g5 28. hxg5 hxg5 29. b4 Bd5 30. Ka1 Rc7
31. Ra5 e6 32. a3 Kg7 33. c4 Bxc4 34. Rc3 d5 35. Bxc4 Rbc6 36. Kb2 Kf6 37. Ra6
dxc4 38. Rxc6 Rxc6 39. Re3 Ke7 40. Kc3 Kd6 41. a4 Kd5 42. Re1 e5 43. Rd1+ Ke6
44. Rd8 Ke7 1/2-1/2